000 00678nam a2200229 a 4500
001 14087
003 BD-JhCC
005 20241029092120.0
008 171228s2020 bg a|||| || | 000 0 ben d
020 _a9789843478986
035 _a(BD-JhCC)14087
040 _aBD-JhCC
_dBD-JhCC
041 _abengali
082 _a891.443
_bKAB 2020
100 _aকবীর, ইকরাম
245 _aমেয়েটি বাচানো গেল না /
_cইকরাম কবীর।
260 _aঢাকা :
_bরচয়িতা প্রকাশনী,
_c2020.
300 _a99 p. :
_c22 cm.
650 _aBengali Novel
942 _2ddc
_cBK
_036
999 _c14087
_d14087